00838naa#a2200169#i#4500001001600000005001700016011001400033100004100047102000700088200027900095210010500374215001100479608004500490700006000535700005200595856002100647RU\\bibl\11034820260413033628.1##a2782-4799##a20260410b2026####ek#y0rusy0150####ca##aRU1#aВозможности использования искусственного интеллекта для продвижения образовательного продукта университета в социальных медиаeЖурнальная статья1#aКемеровоcКемеровский государственный университетd2026##a10 с.##aЖурнальная статья2local#1aСоколоваgАнастасия Антоновна#1aЯницкийgЛеонид Сергеевич4#ajcenter.kemsu.ru